Law 101 : (Record no. 677)

MARC details
000 -LEADER
fixed length control field 02233cam a2200421 i 4500
005 - DATE AND TIME OF LATEST TRANSACTION
control field 20260322212029.0
008 - FIXED-LENGTH DATA ELEMENTS--GENERAL INFORMATION
fixed length control field data
010 ## - LIBRARY OF CONGRESS CONTROL NUMBER
LC control number 2017052995
020 ## - INTERNATIONAL STANDARD BOOK NUMBER
International Standard Book Number 9780190866327 (hardback)
020 ## - INTERNATIONAL STANDARD BOOK NUMBER
International Standard Book Number 9780190866334 (updf)
020 ## - INTERNATIONAL STANDARD BOOK NUMBER
International Standard Book Number 9780190866341 (epub)
020 ## - INTERNATIONAL STANDARD BOOK NUMBER
International Standard Book Number 9780190866341 (epub)
020 ## - INTERNATIONAL STANDARD BOOK NUMBER
International Standard Book Number 0190866322
040 ## - CATALOGING SOURCE
Original cataloging agency DLC
Language of cataloging eng
Transcribing agency DLC
Description conventions rda
Modifying agency DLC
042 ## - AUTHENTICATION CODE
Authentication code pcc
043 ## - GEOGRAPHIC AREA CODE
Geographic area code n-us---
050 00 - LIBRARY OF CONGRESS CALL NUMBER
Classification number KF387
Item number .F45 2018
082 00 - DEWEY DECIMAL CLASSIFICATION NUMBER
Classification number 349.73
Edition information 23
084 ## - OTHER CLASSIFICATION NUMBER
Classification number LAW018000
-- LAW001000
-- LAW018000
Number source bisacsh
092 ## - LOCALLY ASSIGNED DEWEY CALL NUMBER (OCLC)
Classification number 349.73 Fei 2018
001 - CONTROL NUMBER
control field data
100 1# - MAIN ENTRY--PERSONAL NAME
Personal name Feinman, Jay M.,
Relator term author.
245 10 - TITLE STATEMENT
Title Law 101 :
Remainder of title everything you need to know about American law /
Statement of responsibility, etc. Jay M. Feinman.
250 ## - EDITION STATEMENT
Edition statement Fifth edition.
260 ## - PUBLICATION, DISTRIBUTION, ETC.
Place of publication, distribution, etc. New York, NY :
Name of publisher, distributor, etc. Oxford University Press,
Date of publication, distribution, etc. 2018.
264 #1 - PRODUCTION, PUBLICATION, DISTRIBUTION, MANUFACTURE, AND COPYRIGHT NOTICE
Place of production, publication, distribution, manufacture New York, NY :
Name of producer, publisher, distributor, manufacturer Oxford University Press,
Date of production, publication, distribution, manufacture, or copyright notice [2018]
300 ## - PHYSICAL DESCRIPTION
Extent xii, 361 pages ;
Dimensions 25 cm
336 ## - CONTENT TYPE
Content type term text
Content type code txt
Source rdacontent
337 ## - MEDIA TYPE
Media type term unmediated
Media type code n
Source rdamedia
338 ## - CARRIER TYPE
Carrier type term volume
Carrier type code nc
Source rdacarrier
500 ## - GENERAL NOTE
General note Includes indexes.
505 0# - FORMATTED CONTENTS NOTE
Formatted contents note There are no secret books : you can understand the law -- The supreme law of the land : constitutional law -- First freedoms : constitutional rights -- Your day in court : the litigation process -- Hot coffee and crashing cars: Tort Law -- A deal's a deal : contract law -- You are what you own : property law --Crime doesn't pay : criminal law -- Protecting the innocent, freeing the guilty : criminal procedure.
520 ## - SUMMARY, ETC.
Summary, etc. "In this fifth edition of his bestselling classic, Jay Feinman provides an authoritative and up-to-date overview of the American legal system. The book covers all the main subjects taught in the first year of law school, and discusses every facet of the American legal tradition, including constitutional law, the litigation process, and criminal, property, and contracts law. Above all, Feinman reveals to readers of all kinds that despite its complexities and quirks, the law can be understood by everyone"--
Assigning source Provided by publisher.
650 #0 - SUBJECT ADDED ENTRY--TOPICAL TERM
Topical term or geographic name entry element Law
Geographic subdivision United States
Form subdivision Popular works.
650 #7 - SUBJECT ADDED ENTRY--TOPICAL TERM
Topical term or geographic name entry element LAW / General.
Source of heading or term bisacsh
650 #7 - SUBJECT ADDED ENTRY--TOPICAL TERM
Topical term or geographic name entry element LAW / Administrative Law & Regulatory Practice.
Source of heading or term bisacsh
650 #7 - SUBJECT ADDED ENTRY--TOPICAL TERM
Topical term or geographic name entry element LAW / Constitutional.
Source of heading or term bisacsh
Holdings
Withdrawn status Lost status Damaged status Not for loan Home library Current library Shelving location Date acquired Total checkouts Full call number Barcode Date last seen Price effective from Koha item type
        Liberty Liberty General stacks 22/03/2026   349.73 23 BC0010694 22/03/2026 22/03/2026 Books